AH International Schools' Libraries

Baby Feminists Too (Record no. 49119)

MARC details
000 -LEADER
fixed length control field 00365nam a22001217a 4500
008 - FIXED-LENGTH DATA ELEMENTS--GENERAL INFORMATION
fixed length control field 250805b |||||||| |||| 00| 0 eng d
020 ## - INTERNATIONAL STANDARD BOOK NUMBER
International Standard Book Number 9780451480132
100 ## - MAIN ENTRY--PERSONAL NAME
Personal name Libby Babbott-Klein (Author)
9 (RLIN) 86464
245 ## - TITLE STATEMENT
Title Baby Feminists Too
260 ## - PUBLICATION, DISTRIBUTION, ETC. (IMPRINT)
Place of publication, distribution, etc New York
Name of publisher, distributor, etc Viking Books for Young Readers
Date of publication, distribution, etc 2019
300 ## - PHYSICAL DESCRIPTION
Extent 26 pages
Other physical details col. ill.
Dimensions 7 x 0.61 x 7 inches
942 ## - ADDED ENTRY ELEMENTS (KOHA)
Source of classification or shelving scheme
Holdings
Withdrawn status Lost status Source of classification or shelving scheme Damaged status Not for loan Collection code Home library Current library Shelving location Date acquired Full call number Barcode Date last seen Price effective from Koha item type
          Siem Riep Asian Hope Siem Reap Asian Hope Siem Reap Board Books 08/05/2025 BB E BAB 209095 08/05/2025 08/05/2025 Book

For any Logos Library related questions please contact Miss Art at swongnarasuk@asianhope.org.

For any Asian Hope Library related questions please contact Miss Raza at graza@asianhope.org.

Click here to explore our ebooks!

Powered by Koha